Осетино-немецкая лексикография. Концепция для универсального двуязычного осетинско-немецкого словаря (Запись № 3401473)

Подробности
000 -МАРКЕР
контрольное поле 02171nam0a2200409 i 4500
001 - ИДЕНТИФИКАТОР ЗАПИСИ
контрольное поле RU\NLR\bibl\1939095
005 - ИДЕНТИФИКАТОР ВЕРСИИ
контрольное поле 20260406013106.0
010 ## - МЕЖДУНАРОДНЫЙ СТАНДАРТНЫЙ НОМЕР КНИГИ (ISBN)
Номер (ISBN) 978-5-905691-25-6
Тираж 500
021 ## - НОМЕР ГОСУДАРСТВЕННОЙ РЕГИСТРАЦИИ
Код страны российская федерация
Номер 2012-57559
Номер Листа государственной регистраци 4217
035 ## - ДРУГИЕ СИСТЕМНЫЕ НОМЕРА
Идентификатор записи (NLR Aleph) 001928381
100 ## - ДАННЫЕ ОБЩЕЙ ОБРАБОТКИ
Данные общей обработки 20120830d2012 k y0rusy50 ca
101 0# - ЯЗЫК РЕСУРСА
Язык текста, звукозаписи и т.д. русский
-- немецкий
-- дигорский, осетинский
102 ## - СТРАНА ПУБЛИКАЦИИ ИЛИ ПРОИЗВОДСТВА
Страна публикации российская федерация
105 ## - ПОЛЕ КОДИРОВАННЫХ ДАННЫХ: ТЕКСТОВЫЕ МАТЕРИАЛЫ, МОНОГРАФИЧЕСКИЕ
Кодированные данные о монографическом текстовом документе y |||||||||
200 1# - ЗАГЛАВИЕ И СВЕДЕНИЯ ОБ ОТВЕТСТВЕННОСТИ
Основное заглавие Осетино-немецкая лексикография. Концепция для универсального двуязычного осетинско-немецкого словаря
Параллельное заглавие Untersuchungen zur ossetisch-deutschen Lexikographie. Konzept für ein universelles zweisprachiges Wörterbuch Ossetisch-Deutsch
Первые сведения об ответственности М.А. Гусалти
Язык параллельного заглавия немецкий
210 ## - ПУБЛИКАЦИЯ, РАСПРОСТРАНЕНИЕ И ДР.
Место издания, распространения и т.д. Владикавказ
Имя издателя, распространителя и т. д. ИПО СОИГСИ
Дата издания, распространения и т.д. 2012
215 ## - ФИЗИЧЕСКАЯ ХАРАКТЕРИСТИКА
Специфическое обозначение материала и объем 169 с.
Размеры 21
300 ## - ОБЩИЕ ПРИМЕЧАНИЯ
Текст примечания На обл.: Untersuchungen zur ossetisch-deutschen Lexikographie. Konzept für ein universelles zweisprachiges Wörterbuch Ossetisch-Deutsch / Madina A. Guzalti
300 ## - ОБЩИЕ ПРИМЕЧАНИЯ
Текст примечания Текст на рус., осет. и нем. яз.
320 ## - ПРИМЕЧАНИЯ О НАЛИЧИИ В ДОКУМЕНТЕ БИБЛИОГРАФИИ / УКАЗАТЕЛЯ
Текст примечания Библиогр.: с. 159-169
512 1# - ЗАГЛАВИЕ ОБЛОЖКИ
Связь между полями z77790
Заглавие обложки Untersuchungen zur ossetisch-deutschen Lexikographie. Konzept für ein universelles zweisprachiges Wörterbuch Ossetisch-Deutsch
517 0# - ДРУГИЕ ВАРИАНТЫ ЗАГЛАВИЯ
Вариант заглавия Концепция для универсального двуязычного осетинско-немецкого словаря
606 1# - НАИМЕНОВАНИЕ ТЕМЫ КАК ПРЕДМЕТ
Наименование темы Осетинский язык
Тематический подзаголовок Лексикография
Системный номер авторитетной/нормативной записи 2406208
Идентификатор авторитетной/нормативной записи RU\NLR\auth\661433988
606 1# - НАИМЕНОВАНИЕ ТЕМЫ КАК ПРЕДМЕТ
Наименование темы Немецкий язык
Тематический подзаголовок Лексикография
Системный номер авторитетной/нормативной записи 1467880
Идентификатор авторитетной/нормативной записи RU\NLR\auth\66623362
686 ## - ИНДЕКСЫ ДРУГИХ КЛАССИФИКАЦИЙ
Индекс Ш152.132.3-4
686 ## - ИНДЕКСЫ ДРУГИХ КЛАССИФИКАЦИЙ
Индекс Ш143.24-4
700 #1 - ИМЯ ЛИЦА - ПЕРВИЧНАЯ ОТВЕТСТВЕННОСТЬ
Код отношения Автор
Материалы, к которым относится поле rus
Графика поля Кириллица
Начальный элемент ввода Гусалти
Часть имени, кроме начального элемента ввода М. А.
Расширение инициалов личного имени Мадина Андреевна
Идентификатор авторитетной/нормативной записи RU\NLR\auth\77118555
Системный номер авторитетной/нормативной записи 101480
790 #1 - ИМЯ ЛИЦА - АЛЬТЕРНАТИВНАЯ ФОРМА
Код отношения Автор
Материалы, к которым относится поле rus
Графика поля Латинская
Начальный элемент ввода Gusalti
Часть имени, кроме начального элемента ввода M. A.
Расширение инициалов личного имени Madina Andreevna
Идентификатор авторитетной/нормативной записи RU\NLR\auth\77118556
Системный номер авторитетной/нормативной записи 101481
801 #0 - ИСТОЧНИК ЗАПИСИ
Страна российская федерация
Организация NLR
Дата составления 20120830
Правила каталогизации RCR
801 #1 - ИСТОЧНИК ЗАПИСИ
Страна российская федерация
Организация NLR
Дата составления 20120830
830 ## - ОБЩЕЕ ПРИМЕЧАНИЕ, СОСТАВЛЕННОЕ КАТАЛОГИЗАТОРОМ
Текст примечания авт. по кн.
852 ## - МЕСТОНАХОЖДЕНИЕ И ШИФР ХРАНЕНИЯ
Идентификатор организации NLR
Наименование фонда или коллекции (Sub-Location Identifier) ОНЛ
Шифр хранения (Call Number) Осет./3-2431
942 ## - ДОПОЛНИТЕЛЬНЫЕ ЭЛЕМЕНТЫ ЗАПИСИ (АБИС)
Тип экземпляра АБИС Книга
980 ## - КОЛЛЕКЦИЯ
Название коллекции НБР

Нет доступных экземпляров.